Roblox-Grace-Entities-The Content Update - Statistics

General Stats
  • This quiz has been taken 64 times
  • The average score is 10 of 12
Answer Stats
Picture Hint Answer % Correct
Confirmed Carnation
100%
Confirmed Slugfish
100%
Confirmed Elkman
98%
Confirmed Heed
98%
Confirmed Slight
96%
Confirmed Dozer
94%
Confirmed Sorrow
94%
Confirmed Goatman
90%
Under Testing Doppel
82%
Under Testing Litany
80%
Unconfirmed God
76%
Confirmed Tampered Door
22%
No matching quizzes found
Score Distribution
Percent of People with Each Score
Percentile by Number Answered
Your Score History
You have not taken this quiz